[Rezension von: Rodolfo Maria Strollo, L’osservatorio astronomico del Tuscolo. Rilevamento e progetti]

El Observatorio Astronómico del Tuscolo, construido para instalar los instrumentos ópticos de vanguardia que Hitler había prometido donar a su aliado italiano...

Gespeichert in:
Bibliographische Detailangaben
Veröffentlicht in:Boletin de arte 30/31(2010), Seite 650-654
VerfasserIn: Cemoli, Laura (VerfasserIn)
Dokumenttyp: Online-Ressource Aufsatz
Sprache:Spanish
Veröffentlicht: 2010
Schlagwörter:
Online Zugang:kostenfrei
kostenfrei
Bibliogr. Hinweis:Enthalten in: Boletin de arte
Rezension von: L’osservatorio astronomico del Tuscolo
Verantwortlich:Laura Cemoli, Università degli Studi di Roma Tor Vergata
LEADER 02024caa a2200385 c 4500
001 1928883206
003 DE-627
005 20250913141658.0
007 cr uuu---uuuuu
008 250623s2010 xx |||||oo 00| ||spa c
024 7 |a 10.24310/BoLArte.2010.v0i30-31.4401  |2 doi 
035 |a (DE-627)1928883206 
035 |a (DE-599)KXP1928883206 
040 |a DE-627  |b ger  |c DE-627  |e rda 
041 |a spa 
084 |a KUNST  |q DE-16  |2 fid 
100 1 |a Cemoli, Laura  |e VerfasserIn  |4 aut 
245 1 0 |a [Rezension von: Rodolfo Maria Strollo, L’osservatorio astronomico del Tuscolo. Rilevamento e progetti]  |c Laura Cemoli, Università degli Studi di Roma Tor Vergata 
264 1 |c 2010 
300 |b Illustrationen 
336 |a Text  |b txt  |2 rdacontent 
337 |a Computermedien  |b c  |2 rdamedia 
338 |a Online-Ressource  |b cr  |2 rdacarrier 
520 |a El Observatorio Astronómico del Tuscolo, construido para instalar los instrumentos ópticos de vanguardia que Hitler había prometido donar a su aliado italiano... 
655 7 |a Rezension  |0 (DE-588)4049712-4  |0 (DE-627)106186019  |0 (DE-576)209083166  |2 gnd-content 
773 0 8 |i Enthalten in  |t Boletin de arte  |d Malaga : [Verlag nicht ermittelbar], 1980  |g 30/31(2010), Seite 650-654  |w (DE-627)805401458  |w (DE-600)2800739-6  |w (DE-576)420019847  |x 2695-415X  |7 nnas 
773 1 8 |g volume:30/31  |g year:2010  |g pages:650-654 
787 0 8 |i Rezension von  |a Maria Strollo, Rodolfo  |t L’osservatorio astronomico del Tuscolo  |d Roma : Aracne, 2008 
856 4 0 |u https://doi.org/10.24310/BoLArte.2010.v0i30-31.4401  |x Verlag  |x Resolving-System  |z kostenfrei  |3 Volltext  |7 0 
856 4 0 |u https://revistas.uma.es/index.php/boletin-de-arte/article/view/4401  |x Verlag  |z kostenfrei  |3 Volltext  |7 0 
951 |a AR 
994 |u https://revistas.uma.es/index.php/boletin-de-arte/es/article/download/4401/4112/14439 
994 |u https://revistas.uma.es/index.php/boletin-de-arte/es/article/download/4401/4112/14439 
991 |a Rezension (Monographie, Zeitschrift, Aufsatz) 
999 |a KXP-PPN1928883206  |e 4928356578